LEADER 00905nas a2200217 i 4500 001 000000144219 003 CaOOAMICUS 005 20051121000000.0 008 051103b2003 it uu u0 0ita r 013 $a119577 040 $aSeMil$bita 245 10$aNonviolenza e politica :$bpensare la prassi verso nuove riflessioni teoriche. 260 $aMilano :$bCentro Sociale Ambrosiano,$c2003. 300 $a90 p. ;$c21 cm. 773 0 $tOrientamenti.$dMilano : Centro Sociale Ambrosiano, 1978-2006.$w()2569 774 0 $t[vedi periodico].$w()262884 850 $aSeMil 852 $aSeMil$W1$xVenegono$y1$m235 3 105$j97167$B97167$CSeMilBibl$Z2$F105960 $85 961 $aCambio: Scuola Cattolica 996 $6245$aNonviolenza e politica :$bpensare la prassi verso nuove riflessioni teoriche$9(OLS)http://semarc/title/210943 996 $6260$aMilano :$bCentro Sociale Ambrosiano$9(OLS)http://semarc/publisher/30800 LEADER 01080nam a2200277 i 4500 001 000000156482 003 CaOOAMICUS 005 20061205000000.0 008 061205s2003 it u000 u ita u 013 $a133837 020 $a88-8227-138-2 040 $aSeMil$bita 100 1 $aCorbon, Jean,$c.$0(OLS)http://semarc/name/61141 240 10$aLiturgie de source.$0(OLS)http://semarc/title/229365 245 10$aLiturgia alla sorgente /$cJean Corbon. 260 $aMagnano :$bQiqajon,$c2003. 300 $a287 p. ;$c24 cm. 490 0 $aLiturgia e vita 650 4$aLiturgia e vita cristiana.$0(OLS)http://semarc/subject/10422 830 0$aLiturgia e vita.$0(OLS)http://semarc/title/424526 850 $aSeMil 852 $aSeMil$W1$xVenegono$y1$m3K III 71$j108245$B108245$CSeMilBibl$Z2$F121313 $81 961 $aOmaggio: Parolari don Enrico 996 $6020$a88-8227-138-2$9(OLS)http://semarc/number/146639 996 $6245$aLiturgia alla sorgente$9(OLS)http://semarc/title/229364 996 $6260$aMagnano :$bQiqajon$9(OLS)http://semarc/publisher/32326 LEADER 01040nam a2200253 4500 001 000000366524 003 CaOOAMICUS 005 20260219102031.0 008 260219s2012 it 000 u ita r 020 $a978-88-315-4172-5 040 $aSeMil$bita 100 1 $aBissi, Anna.$0(OLS)http://semarc/name/43360 245 10$aEssere e diventare figli :$bla vocazione dell'uomo /$cAnna Bissi. 264 1$aMilano :$bPaoline,$c2012. 300 $a186 p. ;$c20 cm 490 1 $aDi terra e di cielo ;$v1 650 4$aSpiritualitą cristiana.$0(OLS)http://semarc/subject/53718 830 0$aDi terra e di cielo ;$v1.$0(OLS)http://semarc/title/458263 850 $aSeMil 852 $aSeMil$W1$xVenegono$y1$m2E VII 64$j267344$B257267$CSeMilBibl$Z2$F257267 $81 996 $6020$a978-88-315-4172-5$9(OLS)http://semarc/number/305348 996 $6245$aEssere e diventare figli :$bla vocazione dell'uomo$9(OLS)http://semarc/title/458264 996 $6264$aMilano :$bPaoline$9(OLS)http://semarc/publisher/29684